| Tag |
First Indicator |
Second Indicator |
Subfields |
| LEADER |
00000cam a22000001i 4500 |
| 001 |
in00004027421 |
| 005 |
20200701134705.0 |
| 006 |
m |o d | |
| 007 |
cr |n||||||||| |
| 008 |
181126s2019 enk ob 001 0 eng d |
| 020 |
|
|
|a 9781351397674 (electronic bk.)
|
| 020 |
|
|
|a 1351397672 (electronic bk.)
|
| 020 |
|
|
|z 9781138304031
|
| 020 |
|
|
|z 1138304034
|
| 024 |
8 |
|
|a 40028718715
|
| 035 |
|
|
|a (NhCcYBP)ybp15642272
|
| 040 |
|
|
|a NhCcYBP
|c NhCcYBP
|d UtOrBLW
|
| 043 |
|
|
|a a-cc---
|
| 050 |
|
4 |
|a P306.2
|b .L5927 2019
|
| 082 |
0 |
4 |
|a 495.18/0307
|2 23
|
| 100 |
1 |
|
|a Liu, Nancy
|q (Nancy Xiuzhi),
|e author.
|0 http://id.loc.gov/authorities/names/no2018148554
|
| 245 |
1 |
0 |
|a News framing through English-Chinese translation :
|b a comparative study of Chinese and English media discourse /
|c Nancy Xiuzhi Liu.
|
| 264 |
|
1 |
|a Abingdon, Oxon ;
|a New York, NY :
|b Routledge,
|c 2019.
|
| 300 |
|
|
|a 1 online resource.
|
| 336 |
|
|
|a text
|b txt
|2 rdacontent
|
| 337 |
|
|
|a computer
|b c
|2 rdamedia
|
| 338 |
|
|
|a online resource
|b cr
|2 rdacarrier
|
| 504 |
|
|
|a Includes bibliographical references and index.
|
| 505 |
0 |
|
|a Transframing: a bridge concept in news translation -- Operationalization of the transframing model -- Application of the transframing model -- Story tone being key determiner of transframing -- Story type correlated strongly with transframing -- Story sensitivity closely associated with transframing -- Contexts of transframing.
|
| 588 |
|
|
|a Description based on print version record.
|
| 500 |
|
|
|a Electronic resource.
|
| 650 |
|
0 |
|a Translating and interpreting.
|0 http://id.loc.gov/authorities/subjects/sh85136958
|
| 650 |
|
0 |
|a Mass media and language
|z China.
|
| 650 |
|
0 |
|a Discourse analysis.
|0 http://id.loc.gov/authorities/subjects/sh85038362
|
| 655 |
|
7 |
|a Electronic books.
|2 local
|
| 710 |
2 |
|
|a Taylor & Francis.
|0 http://id.loc.gov/authorities/names/n84073022
|
| 776 |
1 |
8 |
|c Original
|z 9781138304031
|z 1138304034
|w (DLC) 2018035918
|
| 856 |
4 |
0 |
|u http://proxy.library.tamu.edu/login?url=https://www.taylorfrancis.com/books/9780203730423
|z Connect to the full text of this electronic book
|t 0
|
| 955 |
|
|
|a YBP purchased approval e-records
|
| 980 |
|
|
|b 152.00
|g 1
|
| 999 |
f |
f |
|s d44dff7e-b2b1-3889-92f2-3cdb73726128
|i c55e8cb8-9290-3ff9-afd3-faae129fb9d4
|t 0
|
| 952 |
f |
f |
|a Texas A&M University
|b College Station
|c Electronic Resources
|d Available Online
|t 0
|e P306.2 .L5927 2019
|h Library of Congress classification
|
| 998 |
f |
f |
|a P306.2 .L5927 2019
|t 0
|l Available Online
|